000
00329pab a2200133 454500
008
180718b1995 xxu||||| |||| 00| 0 eng d
100
_a
Rapport, Hillel
245
_a
Coordination, altruism and under-development
260
_c
1995
300
_a
p.389-407
650
_a
Economic development
773
_a
Kyklos
909
_a
29276
999
_c
29276
_d
29276